000
00302nam a2200133Ia 4500
005
20260328101446.0
008
260328s9999||||xx |||||||||||||| ||und||
100
_a
Rivero, Mario
245
0
_a
Botero /
_c
Mario Rivero
260
_b
Plaza & Janés
300
_a
101 p.
650
_a
PINTURA
942
_c
BK
999
_c
8477
_d
8477